| 000 | 00628nam a2200229Ia 4500 | ||
|---|---|---|---|
| 003 | OSt | ||
| 005 | 20221006145409.0 | ||
| 006 | a|||||r|||| 00| 0 | ||
| 007 | ta | ||
| 008 | 221006b |||||||| |||| 00| 0 eng d | ||
| 024 | _a14,701 | ||
| 037 |
_bGift, _cTextual |
||
| 040 |
_aEASL _cEASL _beng |
||
| 041 |
_2eng _aeng |
||
| 082 | _aO41,3xN10, M4-;1 | ||
| 100 |
_aQIAN Xiao etc. Tr. _9654301 |
||
| 245 | 0 | _aChestnuts and other stories | |
| 260 |
_aBeijing _bPanda Books _c1984 |
||
| 300 |
_a184p. _ccm. |
||
| 942 |
_hO41,3xN10, M4-;1 _cTEXL _2CC |
||
| 999 |
_c1082787 _d1082787 |
||